[Event "España ch 2010 sub-12"]
[Site "Linares ESP"]
[Date "2010.07.07"]
[Round "3.4"]
[White "Ruperez Benito, Antonio"]
[Black "Ucles Lirola, Moises"]
[Result "0-1"]
[WhiteElo "1671"]
[BlackElo "1753"]
[PlyCount "98"]
[EventDate "2010.07.06"]
[EventType "swiss"]
[EventRounds "9"]
[EventCountry "ESP"]
[Source "lmi"]
[SourceDate "2010.07.06"]

1. e4 e5 2. Nf3 Nc6 3. Bc4 Bc5 4. c3 Nf6 5. d4 exd4 6. e5 d5 7. Bb5 Ne4 8. cxd4
Bb4+ 9. Bd2 Bxd2+ 10. Nbxd2 O-O 11. Qc2 Nxd2 12. Qxd2 Ne7 13. O-O Bf5 14. Qg5
Bg6 15. Rac1 c6 16. Ba4 Qd7 17. Rfe1 Nf5 18. g4 h6 19. Qf4 Ne7 20. Bc2 Rae8 21.
Nh4 Bxc2 22. Rxc2 g5 23. Qg3 gxh4 24. Qxh4 Ng6 25. Qh5 Kh7 26. g5 Rh8 27. Re3
Qf5 28. Rcc3 Qxg5+ 29. Qxg5 hxg5 30. Rf3 Nf4 31. Ra3 a6 32. h4 Rhg8 33. hxg5
Rxg5+ 34. Kf1 Rg4 35. Ke1 Kg6 36. Kd2 Nh5 37. Rad3 Re6 38. Kc3 a5 39. Kb3 b5
40. a3 Ng7 41. Rg3 Rxg3 42. Rxg3+ Kh7 43. Rh3+ Rh6 44. Rf3 Kg8 45. Kc3 Kf8 46.
Kd3 Ke7 47. Rg3 Ne6 48. Rg4 Rh3+ 49. Kd2 Rf3 0-1

[Event "España ch 2010 sub-12"]
[Site "Linares ESP"]
[Date "2010.07.07"]
[Round "3.5"]
[White "Domingo Nunez, Alejandro"]
[Black "Rodriguez Manzaneda, Irene"]
[Result "1-0"]
[WhiteElo "1753"]
[BlackElo "1638"]
[PlyCount "75"]
[EventDate "2010.07.06"]
[EventType "swiss"]
[EventRounds "9"]
[EventCountry "ESP"]
[Source "lmi"]
[SourceDate "2010.07.06"]

1. e4 c5 2. Nf3 Nc6 3. Bb5 e6 4. O-O Nge7 5. Re1 a6 6. Bxc6 Nxc6 7. d4 cxd4 8.
Nxd4 Be7 9. Nxc6 bxc6 10. Qg4 Kf8 11. b3 Qa5 12. Bd2 Qe5 13. Bc3 Qg5 14. Qf3 d5
15. exd5 cxd5 16. Nd2 Bf6 17. Bb4+ Kg8 18. Rad1 h6 19. Nc4 Ra7 20. Nd6 Rc7 21.
c4 dxc4 22. bxc4 Be5 23. Re4 h5 24. h4 Qf6 25. Qe3 Bxd6 26. Bxd6 Rd7 27. Rf4
Qg6 28. c5 Bb7 29. Qh3 Qc2 30. Qb3 Qg6 31. Qg3 Qc2 32. Qd3 Qxa2 33. Rc4 Bc6 34.
Rb4 g6 35. Be5 f6 36. Rb8+ Kg7 37. Qxd7+ Bxd7 38. Rxd7+ 1-0

[Event "España ch 2010 sub-12"]
[Site "Linares ESP"]
[Date "2010.07.07"]
[Round "3.6"]
[White "Garralon Torres, Julio"]
[Black "Cervello Tost, Ferran"]
[Result "0-1"]
[WhiteElo "1619"]
[BlackElo "1748"]
[PlyCount "118"]
[EventDate "2010.07.06"]
[EventType "swiss"]
[EventRounds "9"]
[EventCountry "ESP"]
[Source "lmi"]
[SourceDate "2010.07.06"]

1. c4 g6 2. d4 Bg7 3. Nf3 Nf6 4. Bf4 O-O 5. Nc3 d6 6. g3 Nbd7 7. Bg2 a6 8. O-O
h6 9. Qc1 Kh7 10. Rd1 Qe8 11. b4 e5 12. Be3 c6 13. c5 e4 14. Nd2 d5 15. Bf4 Rg8
16. e3 Bf8 17. Qa3 Qd8 18. Nb3 g5 19. Bd6 Bxd6 20. cxd6 Nb6 21. Qa5 Nc4 22. Qc7
Nxd6 23. Qxd8 Rxd8 24. Na4 Nc4 25. Bf1 Nd6 26. Nb6 Rb8 27. Re1 Bf5 28. h3 Nd7
29. Na4 h5 30. Kh2 Kh6 31. Rac1 Nc8 32. Be2 Ncb6 33. Nc3 Be6 34. a4 f5 35. a5
Nc8 36. Nc5 Nxc5 37. bxc5 Na7 38. Rb1 Nb5 39. Na4 Rf8 40. Rb3 f4 41. Rf1 Rf7
42. Bd1 fxe3 43. Rxe3 Nxd4 44. Nb6 Rbf8 45. Kg2 Nf5 46. Re2 e3 47. f3 d4 48.
Bc2 h4 49. Bxf5 Bxf5 50. Rd1 Rd8 51. Nc4 Rd5 52. Nd6 Rf6 53. Nxb7 Bc2 54. Rxc2
d3 55. Rb2 d2 56. gxh4 e2 57. Rdxd2 Rxd2 58. Rxd2 e1=Q 59. Rd6 Qe2+ 0-1

[Event "España ch 2010 sub-12"]
[Site "Linares ESP"]
[Date "2010.07.07"]
[Round "3.7"]
[White "Aguila Hernandez, Eduardo"]
[Black "Pruja Ramirez De Cartagena, Eduardo"]
[Result "0-1"]
[WhiteElo "1734"]
[BlackElo "1681"]
[PlyCount "26"]
[EventDate "2010.07.06"]
[EventType "swiss"]
[EventRounds "9"]
[EventCountry "ESP"]
[Source "lmi"]
[SourceDate "2010.07.06"]

1. e4 c5 2. Nf3 g6 3. d4 cxd4 4. Nxd4 Nc6 5. Nc3 Bg7 6. Be3 Nf6 7. f3 O-O 8.
Bc4 Qb6 9. Qd3 Ne5 10. Bxf7+ Rxf7 11. Qd2 Nc4 12. Qd3 Nxe3 13. Qxe3 e5 0-1

[Event "España ch 2010 sub-12"]
[Site "Linares ESP"]
[Date "2010.07.07"]
[Round "3.8"]
[White "Alonso Gonzalez, Miguel"]
[Black "Salagran Ferragut, Guillem"]
[Result "0-1"]
[WhiteElo "1613"]
[BlackElo "1725"]
[PlyCount "122"]
[EventDate "2010.07.06"]
[EventType "swiss"]
[EventRounds "9"]
[EventCountry "ESP"]
[Source "lmi"]
[SourceDate "2010.07.06"]

1. e4 c5 2. Nf3 Nc6 3. d4 cxd4 4. Nxd4 e5 5. Nb5 d6 6. N1c3 a6 7. Na3 Be7 8.
Bd3 Bg5 9. Nd5 Bxc1 10. Qxc1 Be6 11. c3 Bxd5 12. exd5 Nce7 13. Qg5 Ng6 14.
Qxd8+ Rxd8 15. Bxg6 hxg6 16. O-O Nf6 17. Rad1 Rh4 18. b3 Kd7 19. Nc4 g5 20. f3
Rdh8 21. h3 Nh5 22. Rfe1 f5 23. Rxe5 Rxc4 24. Rxf5 Rxc3 25. Rxg5 Rh7 26. Rd4
Nf6 27. Rb4 Rc7 28. Kh2 Kd8 29. Rb6 Rd7 30. Rf5 Rh5 31. Rxh5 Nxh5 32. Rb4 Nf6
33. Rd4 Kc7 34. g4 Re7 35. Kg3 Re5 36. f4 Rxd5 37. Rxd5 Nxd5 38. g5 Kd7 39. h4
Ke7 40. h5 Kf7 41. Kf3 Ne7 42. Ke4 Ke6 43. a3 d5+ 44. Kd4 b6 45. b4 Nf5+ 46.
Kd3 a5 47. Kc3 Kd6 48. Kd3 axb4 49. axb4 b5 50. Kc3 d4+ 51. Kd2 Kd5 52. Kd3 Ne7
53. h6 gxh6 54. gxh6 Ng6 55. f5 Nh8 56. f6 Nf7 57. h7 Nh8 58. Ke2 Ke4 59. Kd2
d3 60. Kd1 Ke3 61. Ke1 Nf7 0-1

[Event "España ch 2010 sub-12"]
[Site "Linares ESP"]
[Date "2010.07.07"]
[Round "3.9"]
[White "Domingo Nunez, Ruben"]
[Black "Gomez Dieguez, Adrian"]
[Result "1-0"]
[WhiteElo "1718"]
[BlackElo "1524"]
[PlyCount "79"]
[EventDate "2010.07.06"]
[EventType "swiss"]
[EventRounds "9"]
[EventCountry "ESP"]
[Source "lmi"]
[SourceDate "2010.07.06"]

1. e4 Nc6 2. Nf3 e5 3. Bc4 d6 4. c3 Bg4 5. d3 Qd7 6. Bb3 Nf6 7. Nbd2 Be7 8. O-O
Na5 9. Bc2 h5 10. d4 Nc6 11. Ba4 exd4 12. cxd4 d5 13. Qb3 dxe4 14. Ne5 Qc8 15.
Qxf7+ Kd8 16. Bxc6 Be6 17. Bxb7 Bxf7 18. Bxc8 Kxc8 19. Nxf7 Rf8 20. Ne5 c5 21.
Ng6 Re8 22. Nxe7+ Rxe7 23. dxc5 Kc7 24. Nb3 Rd8 25. Bf4+ Kc6 26. Rad1 Rde8 27.
Nd4+ Kxc5 28. Nf5 Rb7 29. Nd6 Rxb2 30. Nxe8 Nxe8 31. Be3+ Kc6 32. Bxa7 Rxa2 33.
Be3 Nf6 34. Rd2 Ra4 35. Rc1+ Kb7 36. Rb2+ Ka6 37. Rb6+ Ka5 38. Rcb1 Ra2 39. Rb8
Ka6 40. Ra8# 1-0

[Event "España ch 2010 sub-12"]
[Site "Linares ESP"]
[Date "2010.07.07"]
[Round "3.12"]
[White "Chao Vale, Fernando"]
[Black "Lopez Mulet, Inigo"]
[Result "1/2-1/2"]
[WhiteElo "1654"]
[BlackElo "1830"]
[PlyCount "50"]
[EventDate "2010.07.06"]
[EventType "swiss"]
[EventRounds "9"]
[EventCountry "ESP"]
[Source "lmi"]
[SourceDate "2010.07.06"]

1. e4 c5 2. Nf3 Nc6 3. d4 cxd4 4. Nxd4 g6 5. Nc3 Bg7 6. Be3 Nf6 7. Bc4 O-O 8.
Bb3 d6 9. f3 Bd7 10. Qd2 Nxd4 11. Bxd4 b5 12. Nd5 Nxd5 13. Bxg7 Kxg7 14. exd5
Qb6 15. Qf2 Qxf2+ 16. Kxf2 Rfc8 17. c3 a5 18. a3 Rc5 19. Rhe1 Kf8 20. Re3 Ra7
21. Kg3 f5 22. h4 Kf7 23. f4 Rac7 24. Rd3 Bc8 25. Rad1 Bd7 1/2-1/2

[Event "España ch 2010 sub-12"]
[Site "Linares ESP"]
[Date "2010.07.07"]
[Round "3.13"]
[White "Bas Mas, Miguel"]
[Black "Portela Peleteiro, Alberto"]
[Result "1-0"]
[WhiteElo "1822"]
[BlackElo "1649"]
[PlyCount "115"]
[EventDate "2010.07.06"]
[EventType "swiss"]
[EventRounds "9"]
[EventCountry "ESP"]
[Source "lmi"]
[SourceDate "2010.07.06"]

1. e4 e6 2. d4 d5 3. exd5 exd5 4. Bd3 Nc6 5. Nf3 Bg4 6. c3 Bd6 7. Nbd2 Qd7 8.
O-O Nge7 9. Qc2 O-O-O 10. b4 Rde8 11. a4 f6 12. a5 Kb8 13. b5 Nd8 14. Qb3 c6
15. Ba3 g5 16. Rfb1 Bxa3 17. Rxa3 h5 18. Qb2 h4 19. a6 b6 20. Rb3 Qc7 21. bxc6
Nexc6 22. h3 Bc8 23. c4 Na5 24. Rc3 dxc4 25. Nxc4 Nxc4 26. Bxc4 Qd6 27. Rbc1
Ne6 28. Bxe6 Bxe6 29. Rc6 Qd8 30. Rc7 Qxc7 31. Rxc7 Kxc7 32. Qb5 Rd8 33. Qb4
Rhe8 34. Qc3+ Kd7 35. d5 Bxd5 36. Qxf6 Bxf3 37. Qxf3 Rb8 38. Qf5+ Kc6 39. Qxg5
b5 40. Qxh4 b4 41. Qc4+ Kd6 42. Qd4+ Kc6 43. Qc4+ Kd6 44. Qd3+ Kc6 45. Qb3 Kb5
46. g4 Kxa6 47. Qa4+ Kb6 48. Qxb4+ Kc6 49. Qc4+ Kb6 50. g5 a5 51. h4 Rbc8 52.
Qd4+ Kb5 53. Qd3+ Kb4 54. Qd2+ Rc3 55. h5 Rg8 56. Qd4+ Rc4 57. Qd2+ Rc3 58. h6
1-0

[Event "España ch 2010 sub-12"]
[Site "Linares ESP"]
[Date "2010.07.07"]
[Round "3.14"]
[White "Bayon Rolo, Juan Andres"]
[Black "Alvarez Nistal, David"]
[Result "0-1"]
[WhiteElo "1615"]
[BlackElo "1727"]
[PlyCount "78"]
[EventDate "2010.07.06"]
[EventType "swiss"]
[EventRounds "9"]
[EventCountry "ESP"]
[Source "lmi"]
[SourceDate "2010.07.06"]

1. e4 e5 2. Nf3 Nc6 3. d4 exd4 4. Bc4 Bc5 5. c3 Nf6 6. cxd4 Bb4+ 7. Bd2 Bxd2+
8. Nbxd2 d5 9. exd5 Nxd5 10. O-O O-O 11. Ne4 Nb6 12. Bb5 Ne7 13. Rc1 c6 14. Bd3
Nbd5 15. Ng3 Nf4 16. Bb1 Nfg6 17. h3 Qb6 18. Qd2 Be6 19. Rc5 Rad8 20. Rh5 Rd5
21. Rxd5 Bxd5 22. Ne5 Rd8 23. Nxg6 Nxg6 24. b3 Be6 25. Ne2 a6 26. Rd1 Rd7 27.
Qc3 Ne7 28. Bc2 Qd8 29. f3 Nd5 30. Qd3 g6 31. a3 Bf5 32. Qd2 Bxc2 33. Qxc2 Ne3
34. Qd2 Nxd1 35. Qxd1 c5 36. Qc1 cxd4 37. Qd2 Qe7 38. b4 Qe3+ 39. Qxe3 dxe3 0-1

[Event "España ch 2010 sub-12"]
[Site "Linares ESP"]
[Date "2010.07.07"]
[Round "3.15"]
[White "Fernandez Gil, Ruben Carlos"]
[Black "Alonso Vara, Laura"]
[Result "0-1"]
[WhiteElo "1721"]
[BlackElo "1577"]
[PlyCount "66"]
[EventDate "2010.07.06"]
[EventType "swiss"]
[EventRounds "9"]
[EventCountry "ESP"]
[Source "lmi"]
[SourceDate "2010.07.06"]

1. d4 d5 2. c4 e6 3. Nc3 c6 4. e3 Bd6 5. Bd3 f5 6. Nf3 Nf6 7. Bd2 O-O 8. O-O
Ne4 9. Ne5 Nd7 10. f4 Qf6 11. Rf3 Qh4 12. Be1 Qh5 13. Be2 Qe8 14. cxd5 exd5 15.
Rh3 Ndf6 16. Bd2 Rb8 17. Rb1 Qe7 18. Nxe4 Nxe4 19. Be1 Qe6 20. Bd3 c5 21. Qh5
h6 22. Bxe4 dxe4 23. b3 Bxe5 24. dxe5 Qf7 25. Qh4 b6 26. Rd1 Ba6 27. Rd6 Rbe8
28. Rg3 Re6 29. Rxe6 Qxe6 30. Qh5 Kh7 31. Bc3 Rd8 32. Qh4 Rd1+ 33. Kf2 Rf1# 0-1

[Event "España ch 2010 sub-12"]
[Site "Linares ESP"]
[Date "2010.07.08"]
[Round "4.1"]
[White "Ortega Lopez, Mikel"]
[Black "Santos Ruiz, Miguel"]
[Result "0-1"]
[WhiteElo "1703"]
[BlackElo "1855"]
[PlyCount "96"]
[EventDate "2010.07.06"]
[EventType "swiss"]
[EventRounds "9"]
[EventCountry "ESP"]
[Source "lmi"]
[SourceDate "2010.07.06"]

1. e4 c5 2. Nf3 a6 3. d4 cxd4 4. Nxd4 Nf6 5. Nc3 e5 6. Nf3 Bb4 7. Bd2 Qc7 8.
Bd3 Nc6 9. O-O Bxc3 10. Bxc3 O-O 11. Re1 Re8 12. Nd2 d5 13. exd5 Nxd5 14. Ne4
Nxc3 15. Nxc3 Be6 16. Qe2 f6 17. Rad1 Nd4 18. Qd2 Rad8 19. Qc1 Qf7 20. a3 Qc7
21. Ne2 Nxe2+ 22. Bxe2 Bf5 23. c4 Bd7 24. b4 Ba4 25. Rxd8 Rxd8 26. Bf3 Bc6 27.
Bxc6 Qxc6 28. Kf1 Rd4 29. c5 Qb5+ 30. Kg1 a5 31. Rd1 axb4 32. Rxd4 exd4 33. Qb2
b3 34. Qxd4 b2 35. Qd5+ Kf8 36. Qd6+ Kf7 37. Qd5+ Ke8 38. Qg8+ Ke7 39. Qxg7+
Ke6 40. Qg8+ Ke5 41. Qb8+ Kd4 42. Qd6+ Kc4 43. Qe6+ Kc3 44. Qxf6+ Kb3 45. Qf5
Ka2 46. Qc2 Qb3 47. Qd2 Qc3 48. Qd5+ Ka1 0-1

[Event "España ch 2010 sub-12"]
[Site "Linares ESP"]
[Date "2010.07.08"]
[Round "4.2"]
[White "Ucles Lirola, Moises"]
[Black "Domingo Nunez, Ruben"]
[Result "1/2-1/2"]
[WhiteElo "1753"]
[BlackElo "1718"]
[PlyCount "51"]
[EventDate "2010.07.06"]
[EventType "swiss"]
[EventRounds "9"]
[EventCountry "ESP"]
[Source "lmi"]
[SourceDate "2010.07.06"]

1. e4 c5 2. Nf3 d6 3. d4 cxd4 4. Nxd4 Nf6 5. Nc3 g6 6. Be3 Bg7 7. f3 O-O 8. Qd2
Nc6 9. O-O-O Nxd4 10. Bxd4 Be6 11. Kb1 Qc7 12. Nd5 Bxd5 13. exd5 Rfc8 14. Bc3
b5 15. a3 a5 16. Bxb5 Rab8 17. a4 Rxb5 18. axb5 Qc5 19. Qd3 Rb8 20. Rhe1 Rxb5
21. Qd4 Qc7 22. Rd2 Nh5 23. Qa4 Bxc3 24. Qxb5 Bxd2 25. Qe8+ Kg7 26. Re4 1/2-1/2

[Event "España ch 2010 sub-12"]
[Site "Linares ESP"]
[Date "2010.07.08"]
[Round "4.3"]
[White "Ponce Cano, Adrian"]
[Black "Domingo Nunez, Alejandro"]
[Result "0-1"]
[WhiteElo "1702"]
[BlackElo "1753"]
[PlyCount "99"]
[EventDate "2010.07.06"]
[EventType "swiss"]
[EventRounds "9"]
[EventCountry "ESP"]
[Source "lmi"]
[SourceDate "2010.07.06"]

1. c4 e5 2. Nc3 Nc6 3. e3 g6 4. g3 Bg7 5. Bg2 d6 6. Nge2 f5 7. d4 exd4 8. exd4
Nf6 9. d5 Ne5 10. f4 Ned7 11. Be3 O-O 12. O-O Re8 13. Qd2 Nb6 14. Bxb6 axb6 15.
a3 Ng4 16. Nd1 h5 17. h3 Nh6 18. Nf2 h4 19. Rab1 Ra4 20. Rfc1 Bd7 21. Nh1 b5
22. cxb5 Bxb5 23. Re1 Bxe2 24. Rxe2 Rxe2 25. Qxe2 hxg3 26. Nxg3 Rxf4 27. Re1
Qh4 28. Nf1 Bd4+ 29. Kh1 Be5 30. Rc1 Rf2 31. Qe3 Ng4 32. Qe1 Rxf1+ 33. Bxf1
Nf2+ 34. Kg1 Qg5+ 35. Bg2 Nd3 36. h4 Qxc1 37. Qxc1 Nxc1 38. b4 Bg3 39. h5 gxh5
40. Bh3 f4 41. Kg2 Kf7 42. a4 Nd3 43. b5 b6 44. Bf5 Nc5 45. Bc2 Kf6 46. Bd1 Ke5
47. Bxh5 Kxd5 48. Bd1 Kc4 49. Kf3 Kb4 50. Kg4 0-1

[Event "España ch 2010 sub-12"]
[Site "Linares ESP"]
[Date "2010.07.08"]
[Round "4.4"]
[White "Cervello Tost, Ferran"]
[Black "Pruja Ramirez De Cartagena, Eduar"]
[Result "1/2-1/2"]
[WhiteElo "1748"]
[BlackElo "1681"]
[PlyCount "77"]
[EventDate "2010.07.06"]
[EventType "swiss"]
[EventRounds "9"]
[EventCountry "ESP"]
[Source "lmi"]
[SourceDate "2010.07.06"]

1. e4 c5 2. Nc3 g6 3. f4 Bg7 4. Nf3 Nc6 5. Bc4 e6 6. O-O Nge7 7. d3 O-O 8. Qe1
d5 9. Bb3 Nd4 10. Nxd4 cxd4 11. Nd1 Nc6 12. Rf3 dxe4 13. dxe4 b6 14. g4 Bb7 15.
Rh3 Rc8 16. g5 h5 17. gxh6 Bf6 18. e5 Be7 19. Qg3 Kh7 20. Nf2 Rg8 21. Ne4 Nb4
22. Nf2 Nxc2 23. Bxc2 Rxc2 24. Qd3 Qd5 25. Rg3 Bh4 26. Qxc2 Bxg3 27. Ne4 Qxe4
28. Qxe4 Bxh2+ 29. Kxh2 Bxe4 30. Bd2 Bc2 31. Kg3 Rc8 32. Kg4 Kxh6 33. f5+ Kg7
34. f6+ Kf8 35. Rh1 Ke8 36. Rh8+ Kd7 37. Rh7 Ke8 38. Kg5 Kd7 39. Kg4 1/2-1/2

[Event "España ch 2010 sub-12"]
[Site "Linares ESP"]
[Date "2010.07.08"]
[Round "4.6"]
[White "Martin Carmona, Gaston"]
[Black "Mandado Castelany, Marco"]
[Result "1-0"]
[WhiteElo "1875"]
[BlackElo "1604"]
[PlyCount "95"]
[EventDate "2010.07.06"]
[EventType "swiss"]
[EventRounds "9"]
[EventCountry "ESP"]
[Source "lmi"]
[SourceDate "2010.07.06"]

1. e4 e5 2. Nf3 Nf6 3. Nxe5 d6 4. Nf3 Nxe4 5. d4 d5 6. Bd3 Nc6 7. O-O Be7 8. c4
Bg4 9. Be3 Nb4 10. cxd5 Nxd3 11. Qxd3 Qxd5 12. Nbd2 Bf5 13. Qc4 Qxc4 14. Nxc4
Nd6 15. Nfe5 Nxc4 16. Nxc4 Bd3 17. Rfc1 Bxc4 18. Rxc4 Bd6 19. Rac1 O-O 20. g3
Rfe8 21. Kg2 f6 22. Kf3 Kf7 23. Bf4 Bxf4 24. gxf4 c6 25. d5 Re7 26. dxc6 b6 27.
Re4 Rxe4 28. Kxe4 Ke6 29. c7 Rc8 30. f5+ Kd6 31. f4 Rxc7 32. Rxc7 Kxc7 33. Kd5
Kd7 34. h4 h6 35. h5 a6 36. b3 a5 37. a4 Kc7 38. Ke6 Kc6 39. Kf7 b5 40. Kxg7
bxa4 41. bxa4 Kc5 42. Kxf6 Kb4 43. Ke5 Kxa4 44. f6 Kb3 45. f7 a4 46. f8=Q a3
47. Qxa3+ Kxa3 48. f5 1-0

[Event "España ch 2010 sub-12"]
[Site "Linares ESP"]
[Date "2010.07.08"]
[Round "4.7"]
[White "Jane Besora, Jordi"]
[Black "Bas Mas, Miguel"]
[Result "0-1"]
[WhiteElo "1691"]
[BlackElo "1822"]
[PlyCount "106"]
[EventDate "2010.07.06"]
[EventType "swiss"]
[EventRounds "9"]
[EventCountry "ESP"]
[Source "lmi"]
[SourceDate "2010.07.06"]

1. d4 Nf6 2. Nf3 d6 3. Bf4 Nbd7 4. e3 Nh5 5. Bg5 g6 6. c4 Bg7 7. Be2 O-O 8. O-O
f5 9. Nh4 Nhf6 10. Nf3 e5 11. Nc3 c6 12. Qb3 e4 13. Nd2 Qe7 14. Bf4 Kh8 15. Qc2
Nb6 16. h3 Bd7 17. b4 Ne8 18. a4 c5 19. bxc5 dxc5 20. Nb3 cxd4 21. exd4 Rc8 22.
c5 Na8 23. Nb5 Bxb5 24. axb5 g5 25. Bh2 b6 26. c6 f4 27. f3 e3 28. Rad1 Nac7
29. d5 Nd6 30. Nd4 Bxd4 31. Rxd4 Ncxb5 32. Bxb5 Nxb5 33. Re4 Qg7 34. Rb4 Nd6
35. Rc1 Rc7 36. h4 h6 37. Ra4 Re8 38. Qe2 Nf5 39. hxg5 hxg5 40. Re4 Ree7 41.
Rd1 Nd6 42. Rxe7 Rxe7 43. Re1 Qh6 44. g4 Qg7 45. Qg2 Qd4 46. Qe2 Qxd5 47. Qb2+
Qe5 48. Qc2 Nf7 49. Qg2 Rc7 50. Qa2 Qd6 51. Qb2+ Kg8 52. Qb1 Qxc6 53. Qd1 Rd7
0-1

[Event "España ch 2010 sub-12"]
[Site "Linares ESP"]
[Date "2010.07.08"]
[Round "4.8"]
[White "Alvarez Nistal, David"]
[Black "Laiz Ibanez, Hector"]
[Result "1-0"]
[WhiteElo "1727"]
[BlackElo "1673"]
[PlyCount "129"]
[EventDate "2010.07.06"]
[EventType "swiss"]
[EventRounds "9"]
[EventCountry "ESP"]
[Source "lmi"]
[SourceDate "2010.07.06"]

1. e4 Nf6 2. e5 Nd5 3. d4 d6 4. Nf3 dxe5 5. Nxe5 c6 6. g3 Nd7 7. Nf3 N7f6 8.
Bg2 Bg4 9. O-O e6 10. c3 Be7 11. Nbd2 Nb6 12. Re1 O-O 13. a4 Nbd7 14. Nc4 b6
15. h3 Bxf3 16. Bxf3 Rc8 17. Bf4 Nd5 18. Nd6 Nxf4 19. Nxc8 Qxc8 20. gxf4 Bd6
21. Qd3 Nf6 22. Qc4 c5 23. Qb5 cxd4 24. cxd4 Bxf4 25. Qc6 Qxc6 26. Bxc6 Rc8 27.
Be4 a5 28. Re2 Nxe4 29. Rxe4 Bd6 30. Re2 Kf8 31. Rd1 Bb4 32. Kg2 g6 33. Kf3 Kg7
34. Ke4 Kf6 35. Kd3 h5 36. Rc2 Rxc2 37. Kxc2 e5 38. Kd3 exd4 39. Kxd4 Bc5+ 40.
Ke4 Ke6 41. f4 f5+ 42. Kf3 Kf6 43. Rd2 Kf7 44. Kg3 Kf6 45. Re2 Bd6 46. Rd2 Bc5
47. Rd8 Kf7 48. Rc8 Bd4 49. b3 Bc5 50. Rc7+ Ke6 51. Kh4 Kf6 52. Rc6+ Kf7 53.
Kg5 Be3 54. Rf6+ Ke7 55. Rxg6 Bd2 56. Rxb6 h4 57. Kxf5 Bb4 58. Rxb4 axb4 59. a5
Kd7 60. a6 Kc7 61. Ke6 Kb6 62. f5 Kxa6 63. f6 Kb5 64. f7 Kc5 65. f8=Q+ 1-0

[Event "España ch 2010 sub-12"]
[Site "Linares ESP"]
[Date "2010.07.08"]
[Round "4.9"]
[White "De la Calle Fuentes, Sergio"]
[Black "Garriga Cazorla, Pere"]
[Result "1-0"]
[WhiteElo "1661"]
[BlackElo "1715"]
[PlyCount "87"]
[EventDate "2010.07.06"]
[EventType "swiss"]
[EventRounds "9"]
[EventCountry "ESP"]
[Source "lmi"]
[SourceDate "2010.07.06"]

1. e4 c5 2. Nc3 Nc6 3. g3 g6 4. d3 Bg7 5. Bd2 e6 6. Bg2 Nge7 7. f4 O-O 8. Nf3
d5 9. O-O Rb8 10. Rb1 b5 11. a3 a5 12. a4 b4 13. Nb5 Ba6 14. c4 Bxb5 15. cxb5
Nd4 16. b3 Nxf3+ 17. Bxf3 dxe4 18. dxe4 Qd4+ 19. Kh1 Rfd8 20. Bxb4 Qxd1 21.
Rbxd1 cxb4 22. Rxd8+ Rxd8 23. Rd1 Rxd1+ 24. Bxd1 Bd4 25. Kg2 Kf8 26. Kf3 f5 27.
Be2 Ke8 28. Bc4 Kd7 29. h3 Nc8 30. g4 Nd6 31. Bd3 fxe4+ 32. Bxe4 Nxe4 33. Kxe4
Bb6 34. f5 exf5+ 35. gxf5 gxf5+ 36. Kxf5 Ke7 37. Ke5 Kf7 38. Kd6 Kg6 39. Kc6
Bg1 40. b6 Kh5 41. Kb5 Kh4 42. Kxa5 Kxh3 43. Kb5 Kg4 44. a5 1-0

[Event "España ch 2010 sub-12"]
[Site "Linares ESP"]
[Date "2010.07.08"]
[Round "4.10"]
[White "Alonso Vara, Laura"]
[Black "Fernandez Cano, Victor"]
[Result "1/2-1/2"]
[WhiteElo "1577"]
[BlackElo "1697"]
[PlyCount "54"]
[EventDate "2010.07.06"]
[EventType "swiss"]
[EventRounds "9"]
[EventCountry "ESP"]
[Source "lmi"]
[SourceDate "2010.07.06"]

1. d4 e6 2. e3 d5 3. Bd3 Nf6 4. Nd2 Bd6 5. f4 Nc6 6. c3 Ne7 7. Ngf3 Bd7 8. O-O
c5 9. Ne5 cxd4 10. exd4 Nc6 11. g4 Qb6 12. Ndf3 Bc8 13. Kh1 h6 14. Nxc6 bxc6
15. Ne5 Nd7 16. Qf3 Rf8 17. b4 Ba6 18. Bxa6 Qxa6 19. Bd2 Bxe5 20. dxe5 Nb6 21.
Be3 Nc4 22. g5 hxg5 23. fxg5 Nxe5 24. Qf2 Nd7 25. Rae1 Qd3 26. Bd4 Qg6 27. Qf4
Ke7 1/2-1/2

[Event "España ch 2010 sub-12"]
[Site "Linares ESP"]
[Date "2010.07.08"]
[Round "4.11"]
[White "Panades Catarineu, Oriol"]
[Black "Bru Rullo, Llatzer"]
[Result "0-1"]
[WhiteElo "1606"]
[BlackElo "1941"]
[PlyCount "125"]
[EventDate "2010.07.06"]
[EventType "swiss"]
[EventRounds "9"]
[EventCountry "ESP"]
[Source "lmi"]
[SourceDate "2010.07.06"]

1. e4 e5 2. Nf3 Nc6 3. d4 exd4 4. Nxd4 Bc5 5. Be3 Qf6 6. c3 Nge7 7. Bc4 Ne5 8.
Be2 Qg6 9. Bf3 O-O 10. Nf5 Nxf3+ 11. Qxf3 Qc6 12. Bxc5 Qxc5 13. Nxe7+ Qxe7 14.
O-O d6 15. Nd2 Bd7 16. Qe3 Bc6 17. Rfe1 Rfe8 18. Qd3 Rad8 19. f3 Qg5 20. Qc2
Qc5+ 21. Kh1 Qf2 22. Rf1 Qh4 23. Nb3 d5 24. exd5 Rxd5 25. Qf2 Qxf2 26. Rxf2
Rde5 27. h3 h6 28. Nd4 Ba4 29. Rd2 c5 30. Nb3 b6 31. Rb1 Re2 32. Rxe2 Rxe2 33.
Kg1 a5 34. g4 Kf8 35. h4 Bc6 36. Nc1 Rd2 37. Nb3 Rc2 38. g5 hxg5 39. hxg5 Bxf3
40. Kf1 Rh2 41. Rc1 Rxb2 42. Ra1 Be4 43. Ke1 Rb1+ 44. Rxb1 Bxb1 45. a3 Bd3 46.
Kd2 Bc4 47. Nc1 f5 48. gxf6 gxf6 49. Ke3 Ke7 50. a4 Ke6 51. Ke4 f5+ 52. Kf4 Kf6
53. Kf3 Ke5 54. Ke3 f4+ 55. Kf3 Kf5 56. Kf2 Ke4 57. Ne2 Bxe2 58. Kxe2 f3+ 59.
Kf2 Kd3 60. Kxf3 Kxc3 61. Ke2 Kb4 62. Kd2 Kxa4 63. Ke1 0-1

[Event "España ch 2010 sub-12"]
[Site "Linares ESP"]
[Date "2010.07.08"]
[Round "4.12"]
[White "Lopez Mulet, Inigo"]
[Black "Mateos Atienza, Alberto"]
[Result "1/2-1/2"]
[WhiteElo "1830"]
[BlackElo "1590"]
[PlyCount "73"]
[EventDate "2010.07.06"]
[EventType "swiss"]
[EventRounds "9"]
[EventCountry "ESP"]
[Source "lmi"]
[SourceDate "2010.07.06"]

1. d4 Nf6 2. c4 e6 3. g3 d5 4. Nf3 c6 5. Bg2 Nbd7 6. O-O Be7 7. Qc2 O-O 8. Nbd2
b6 9. e4 dxc4 10. Nxc4 Bb7 11. e5 Nd5 12. h4 h6 13. a3 Rc8 14. Rd1 b5 15. Ne3
Nxe3 16. Bxe3 Nb6 17. b4 Nc4 18. Nd2 Nxd2 19. Qxd2 Qd7 20. Qe2 f5 21. f4 Rfd8
22. Rdc1 Qe8 23. Rc3 Rc7 24. Rac1 Qd7 25. Qc2 Rdc8 26. Bf3 g6 27. Rd1 Kg7 28.
Kf2 Rd8 29. Rc1 Rdc8 30. Rd1 Bd8 31. Ke2 Ba8 32. Rc1 Be7 33. Rd1 Bb7 34. Rc1
Bd8 35. Rd1 Ra8 36. Rc1 Rac8 37. Rd1 1/2-1/2

[Event "España ch 2010 sub-12"]
[Site "Linares ESP"]
[Date "2010.07.08"]
[Round "4.13"]
[White "Hernandez Mateo, Borja"]
[Black "Buiza Prieto, Eihartze"]
[Result "1-0"]
[WhiteElo "1575"]
[BlackElo "1766"]
[PlyCount "61"]
[EventDate "2010.07.06"]
[EventType "swiss"]
[EventRounds "9"]
[EventCountry "ESP"]
[Source "lmi"]
[SourceDate "2010.07.06"]

1. e4 c5 2. Nf3 a6 3. d4 cxd4 4. Nxd4 Nf6 5. Nc3 e5 6. Nf3 Bb4 7. Bg5 Qc7 8.
Bd2 b5 9. Bd3 Bb7 10. O-O Bc5 11. Qe2 d6 12. a3 Nbd7 13. h3 O-O 14. a4 b4 15.
Na2 a5 16. Nc1 Qc6 17. Re1 Bb6 18. Nb3 Nc5 19. Nxc5 Bxc5 20. Bg5 Ne8 21. Be7
Nc7 22. Bxf8 Rxf8 23. Nh4 Bd4 24. Nf5 Kh8 25. Nxd4 exd4 26. f3 Re8 27. Bb5 Nxb5
28. Qxb5 Qxb5 29. axb5 Rc8 30. Re2 Ra8 31. Rd2 1-0